书目信息 |
| 题名: |
装饰材料与构造
|
|
| 作者: | 李朝阳 编著 | |
| 分册: | ||
| 出版信息: | 合肥 安徽美术出版社 2006.12 |
|
| 页数: | 180页 | |
| 开本: | 27cm | |
| 丛书名: | ||
| 单 册: | ||
| 中图分类: | TU56 | |
| 科图分类: | ||
| 主题词: | 建筑材料--jian zhu cai liao--装饰材料--高等学校--教材 | |
| 电子资源: | ||
| ISBN: | 978-7-5398-1631-9 | |
| 000 | 00857nam0 2200253 450 | |
| 001 | 012008415489 | |
| 005 | 20080510093438.05 | |
| 010 | @a978-7-5398-1631-9@dCNY38.00 | |
| 100 | @a20080510d2006 em y0chiy0120 ea | |
| 101 | 0 | @achi |
| 102 | @aCN@b340000 | |
| 105 | @aa a 000yy | |
| 106 | @ar | |
| 200 | 1 | @a装饰材料与构造@Azhuang shi cai liao yu gou zao@f李朝阳编著@Fli chao yang bian zhu |
| 210 | @a合肥@c安徽美术出版社@d2006.12 | |
| 215 | @a180页@c图@d27cm | |
| 300 | @a清华大学美术学院设计专业教程 | |
| 320 | @a有书目 | |
| 330 | @a本书内容共分材料的分类及基本特征,装修材料与构造设计相关知识等三个方面着重阐述了材料与装修、设备与装修的关系。 | |
| 606 | 0 | @a建筑材料@Ajian zhu cai liao@x装饰材料@x高等学校@j教材 |
| 690 | @aTU56@v4 | |
| 701 | 0 | @a李朝阳@Ali chao yang@4编著 |
| 801 | 0 | @aCN@bQSSK@c20080510 |
| 905 | @b709550-54@dTU56@eL138@f5 | |
| 装饰材料与构造/李朝阳编著.-合肥:安徽美术出版社,2006.12 |
| 180页:图;27cm |
| 清华大学美术学院设计专业教程 |
| ISBN 978-7-5398-1631-9:CNY38.00 |
| 本书内容共分材料的分类及基本特征,装修材料与构造设计相关知识等三个方面着重阐述了材料与装修、设备与装修的关系。 |
| ● |
| 相关链接 |
|
|
|
正题名:装饰材料与构造
索取号:TU56/L138
 
预约/预借
| 序号 | 登录号 | 条形码 | 馆藏地/架位号 | 状态 | 备注 |
| 1 | 709550 | 207095506 | 建筑库201/201建筑库 9排4列3层/ [索取号:TU56/L138] | 在馆 | |
| 2 | 709551 | 207095515 | 建筑库201/201建筑库 9排4列3层/ [索取号:TU56/L138] | 在馆 | |
| 3 | 709552 | 207095524 | 建筑库201/201建筑库 9排4列3层/ [索取号:TU56/L138] | 在馆 | |
| 4 | 709553 | 207095533 | 建筑库201/201建筑库 9排4列3层/ [索取号:TU56/L138] | 在馆 | |
| 5 | 709554 | 207095542 | 建筑库201/201建筑库 9排4列3层/ [索取号:TU56/L138] | 在馆 |